Famous Robloxians - Statistics

General Stats
  • This quiz has been taken 20 times
  • The average score is 4 of 11
Answer Stats
Hint Answer % Correct
Rumors spread about hacking on March 18 John Doe
64%
Creator of Meepcity alexnewtron
57%
ID 1 ROBLOX
50%
Creator of Jailbreak asimo3089
43%
Richest Roblox Player Linkmon99
43%
First User (Not ROBLOX) Admin
36%
Largest Roblox Youtuber DenisDaily
36%
yo tengo mrflimflam
29%
Plagiarized Roblox Games jaredvaldez4
14%
Owner of Chillz Studios chillthrill709
7%
Owner of Rumble Studios ObscureEntity
7%
No matching quizzes found
Score Distribution
Percent of People with Each Score
Percentile by Number Answered
Your Score History
You have not taken this quiz